[Event "63rd POL-ch (w)"]
[Site "Warsaw POL"]
[Date "2011.02.12"]
[Round "1"]
[White "Kulon, Klaudia"]
[Black "Jaracz, Barbara"]
[Result "0-1"]
[WhiteElo "2220"]
[BlackElo "2274"]
[EventDate "2011.02.12"]
[PlyCount "110"]

1.e4 e5 2.Nf3 Nc6 3.Bb5 a6 4.Ba4 Nf6 5.O-O Be7 6.Re1 b5 7.Bb3 d6 8.c3 O-O 
9.h3 Na5 10.Bc2 c5 11.d4 Qc7 12.Nbd2 cxd4 13.cxd4 Nc6 14.Nb3 a5 15.Be3 a4 
16.Nbd2 Bd7 17.Rc1 Qb7 18.Nf1 Rfe8 19.Qe2 g6 20.Bd3 Rab8 21.a3 exd4 22.
Nxd4 Ne5 23.Bf4 Bf8 24.Bb1 b4 25.Bg5 Bg7 26.Qd2 bxa3 27.bxa3 Rec8 28.Ne3 
Rxc1 29.Qxc1 Qb2 30.Bxf6 Bxf6 31.Qc7 Bh4 32.Ne2 Qb6 33.Qc3 Rc8 34.Qd4 Qxd4
35.Nxd4 Rc3 36.Rd1 Rxa3 37.Nd5 Bc6 38.f4 Bxd5 39.fxe5 dxe5 40.exd5 exd4 
41.Rxd4 Bf6 42.Rf4 Be5 43.Re4 f6 44.Bc2 Ra1+ 45.Kf2 a3 46.Bb3 Rb1 47.Ba2 
Rb2+ 48.Re2 Rxa2 49.Rxa2 Bb2 50.g4 Kf7 51.Kf3 Ke7 52.Ke4 Kd6 53.h4 Kc5 54.
h5 Kd6 55.g5 f5+ 0-1

[Event "63rd POL-ch (w)"]
[Site "Warsaw POL"]
[Date "2011.02.12"]
[Round "1"]
[White "Toma, Katarzyna"]
[Black "Lach, Aleksandra"]
[Result "1/2-1/2"]
[WhiteElo "2238"]
[BlackElo "2172"]
[EventDate "2011.02.12"]
[PlyCount "97"]

1.e4 c6 2.d4 d5 3.e5 c5 4.c3 Nc6 5.Be2 cxd4 6.cxd4 Qb6 7.Nc3 Bf5 8.Nxd5 
Qa5+ 9.Nc3 e6 10.Nf3 Bb4 11.Bd2 Qd8 12.O-O Nge7 13.Nb5 O-O 14.a3 Bxd2 15.
Qxd2 Qb6 16.Nd6 Rad8 17.b4 Bg4 18.Rfd1 Nf5 19.Nxf5 Bxf5 20.b5 Na5 21.Qb2 
Bg4 22.Rac1 Nc6 23.Rc4 Rd5 24.a4 Rfd8 25.h3 Bh5 26.Qc3 Nxe5 27.g4 Nxc4 28.
Bxc4 Bg6 29.Bxd5 Rxd5 30.Rc1 f6 31.Qc8+ Rd8 32.Qc7 Qxc7 33.Rxc7 Be4 34.Nd2
Rxd4 35.Nxe4 Rxe4 36.a5 Ra4 37.b6 Rxa5 38.Rxb7 axb6 39.Rxb6 Kf7 40.Rb7+ 
Kg6 41.Kg2 e5 42.Kg3 Ra3+ 43.Kg2 Kh6 44.Rf7 Ra4 45.Kg3 Ra3+ 46.Kg2 Kg6 47.
Re7 Ra4 48.Kg3 Ra3+ 49.Kg2 1/2-1/2

[Event "63rd POL-ch (w)"]
[Site "Warsaw POL"]
[Date "2011.02.12"]
[Round "1"]
[White "Worek, Joanna"]
[Black "Dworakowska, Joanna"]
[Result "1-0"]
[WhiteElo "2274"]
[BlackElo "2334"]
[EventDate "2011.02.12"]
[PlyCount "121"]

1.c4 f5 2.d4 Nf6 3.Nc3 d6 4.g3 g6 5.Bg2 Bg7 6.Nf3 O-O 7.O-O Nc6 8.d5 Na5 
9.Qd3 e5 10.dxe6 Bxe6 11.b3 Nc6 12.Ng5 Bd7 13.Bb2 h6 14.Nh3 Ne4 15.Rab1 
Nb4 16.Qe3 Nc2 17.Qc1 Nd4 18.Re1 g5 19.e3 Ne6 20.f3 N4c5 21.Nf2 a5 22.Nd5 
c6 23.Bxg7 Nxg7 24.Nc3 f4 25.exf4 gxf4 26.g4 h5 27.Qd2 hxg4 28.fxg4 f3 29.
Qxd6 Nge6 30.Bf1 Qh4 31.Nce4 b6 32.Nxc5 Nxc5 33.Qg6+ Kh8 34.Re5 Be8 35.Qd6
Rf6 36.Qd4 Bg6 37.Rbe1 Rg8 38.Kh1 Rg7 39.Re7 Bf7 40.h3 Ne6 41.R1xe6 Bxe6 
42.Rxg7 c5 43.Qb2 Kxg7 44.Ne4 Bf7 45.Kg1 Bg6 46.Qxf6+ Qxf6 47.Nxf6 Kxf6 
48.Kf2 Ke5 49.Ke3 Bb1 50.a3 Bc2 51.h4 Bxb3 52.g5 Bc2 53.Bd3 f2 54.Be2 Bd1 
55.Kxf2 Bc2 56.Ke3 Ba4 57.h5 Kf5 58.h6 Kg6 59.Bd3+ Kf7 60.g6+ Kf6 61.g7 
1-0

[Event "63rd POL-ch (w)"]
[Site "Warsaw POL"]
[Date "2011.02.12"]
[Round "1"]
[White "Zawadzka, Jolanta"]
[Black "Szczepkowska-Horowska, Karina"]
[Result "1-0"]
[WhiteElo "2371"]
[BlackElo "2254"]
[EventDate "2011.02.12"]
[PlyCount "143"]

1.e4 e5 2.Nf3 Nf6 3.Nxe5 d6 4.Nf3 Nxe4 5.d4 d5 6.Bd3 Be7 7.O-O O-O 8.c4 c6
9.Re1 Nf6 10.Nc3 Nbd7 11.cxd5 Nxd5 12.Nxd5 cxd5 13.Qb3 Nf6 14.Bf4 Bd6 15.
Be5 Bg4 16.Ng5 h6 17.Bxf6 Qxf6 18.Nh7 Qf4 19.g3 Qxd4 20.Nxf8 Rxf8 21.Be2 
Be6 22.Rad1 Qf6 23.Rd2 b6 24.a3 Bc5 25.Bd1 Qg5 26.Qd3 a5 27.Rde2 Qf6 28.
Bc2 g6 29.Bb1 h5 30.h4 Bg4 31.Rd2 Bf3 32.Qb5 Bg4 33.Qb3 Rd8 34.Bc2 Be6 35.
Bd1 d4 36.Qf3 Kg7 37.Qxf6+ Kxf6 38.Bf3 Bb3 39.Bd1 Be6 40.Bc2 Rg8 41.Rb1 
Ba2 42.Rc1 Be6 43.Kg2 Rd8 44.Bd3 Bd5+ 45.Kf1 Be6 46.f3 Bd5 47.Kf2 Re8 48.
Re2 Rd8 49.Rce1 Be6 50.Kg2 Rg8 51.Rb1 Ba2 52.Rc1 Be6 53.Rec2 Re8 54.Bb5 
Re7 55.Re2 Ra7 56.Bc4 Bf5 57.Rd1 Rd7 58.Rdd2 Rd8 59.Re1 Rd7 60.Re8 Rb7 61.
Be2 Bd7 62.Rg8 Bc6 63.b4 axb4 64.axb4 Bxb4 65.Rxd4 Bc5 66.Rf4+ Ke5 67.Bc4 
b5 68.Bb3 f6 69.Rxg6 Be7 70.Rh6 Be8 71.Re4+ Kd6 72.Rh7 1-0

[Event "63rd POL-ch (w)"]
[Site "Warsaw POL"]
[Date "2011.02.13"]
[Round "2"]
[White "Dworakowska, Joanna"]
[Black "Kulon, Klaudia"]
[Result "1-0"]
[WhiteElo "2334"]
[BlackElo "2220"]
[EventDate "2011.02.12"]
[PlyCount "79"]

1.e4 c5 2.Nf3 d6 3.d4 cxd4 4.Nxd4 Nf6 5.Nc3 a6 6.Be3 e5 7.Nb3 Be7 8.f3 Be6
9.Qd2 O-O 10.O-O-O Qc7 11.g4 Rc8 12.Qf2 Nbd7 13.h4 b5 14.g5 Nh5 15.Nd5 
Bxd5 16.Rxd5 b4 17.Na5 Ng3 18.Rg1 Nxf1 19.Rxf1 Rcb8 20.f4 Rb5 21.Nb3 Rxd5 
22.exd5 a5 23.fxe5 Nxe5 24.Kb1 a4 25.Nd4 Bf8 26.Nc6 Re8 27.Bb6 Qb7 28.h5 
b3 29.axb3 axb3 30.cxb3 Rc8 31.Bd4 Nxc6 32.dxc6 Qe7 33.Qf3 Qe6 34.b4 Qc4 
35.b5 h6 36.Qxf7+ Qxf7 37.Rxf7 Kxf7 38.b6 Ke8 39.b7 Kd8 40.Bb6+ 1-0

[Event "63rd POL-ch (w)"]
[Site "Warsaw POL"]
[Date "2011.02.13"]
[Round "2"]
[White "Lach, Aleksandra"]
[Black "Majdan-Gajewska, Joanna"]
[Result "1/2-1/2"]
[WhiteElo "2172"]
[BlackElo "2359"]
[EventDate "2011.02.12"]
[PlyCount "132"]

1.e4 c5 2.Nf3 e6 3.d4 cxd4 4.Nxd4 a6 5.Bd3 Bc5 6.Nb3 Be7 7.Be3 Nc6 8.O-O 
Nf6 9.f4 d6 10.c4 b6 11.a3 Bb7 12.Nc3 Nd7 13.Bc2 Rc8 14.Qe2 Nc5 15.Nxc5 
bxc5 16.Rad1 Qc7 17.Qd3 Rd8 18.Ne2 O-O 19.Bd2 Nd4 20.Bb1 g6 21.Nxd4 cxd4 
22.f5 d5 23.cxd5 exf5 24.exf5 Bxd5 25.Qh3 Rfe8 26.Bf4 Bd6 27.Bg5 Rb8 28.
Rd2 Be5 29.f6 Bd6 30.b4 Be6 31.Qh6 Bf8 32.Qh4 Rb5 33.Bf4 Qb6 34.Bg3 a5 35.
Qxd4 Qxd4+ 36.Rxd4 axb4 37.axb4 Bxb4 38.Kh1 Bc3 39.Rdd1 Rb2 40.h3 Bc4 41.
Rf4 Be2 42.Rg1 Rd8 43.Re4 Bxf6 44.Re1 Bb5 45.Be5 Bxe5 46.Rxe5 Bc6 47.Be4 
Bxe4 48.R5xe4 Rdd2 49.Rg1 Kg7 50.Rf4 f5 51.Rc4 Rf2 52.Rcc1 Kf6 53.Rcf1 
Rfe2 54.Re1 f4 55.Rxe2 Rxe2 56.Ra1 Kg5 57.Ra4 h5 58.Kg1 Kf5 59.Ra5+ Re5 
60.Ra6 Rb5 61.Rc6 g5 62.Rh6 f3 63.g3 Rb2 64.Rxh5 Rg2+ 65.Kf1 Rxg3 66.h4 
Kf4 1/2-1/2

[Event "63rd POL-ch (w)"]
[Site "Warsaw POL"]
[Date "2011.02.13"]
[Round "2"]
[White "Szczepkowska-Horowska, Karina"]
[Black "Worek, Joanna"]
[Result "1/2-1/2"]
[WhiteElo "2254"]
[BlackElo "2274"]
[EventDate "2011.02.12"]
[PlyCount "107"]

1.e4 c5 2.b3 e6 3.Bb2 d5 4.Bb5+ Bd7 5.Bxd7+ Nxd7 6.exd5 exd5 7.Qe2+ Qe7 8.
Nc3 Nb6 9.Qxe7+ Bxe7 10.Nb5 Kf8 11.O-O-O a6 12.Nc3 Nf6 13.f3 h5 14.Nh3 Rc8
15.Rde1 Bd6 16.Ne2 Ng8 17.Nef4 Ne7 18.g4 hxg4 19.fxg4 d4 20.Rhf1 Nbd5 21.
Re2 Rh4 22.Rg2 Kg8 23.Kd1 b5 24.Rf3 a5 25.c3 dxc3 26.dxc3 Nxf4 27.Nxf4 
Bxf4 28.Rxf4 Rh3 29.Rd2 c4 30.Rd7 Re3 31.Kd2 Re5 32.bxc4 bxc4 33.Ba3 Rd5+ 
34.Rd4 Rxd7 35.Rxd7 Ng6 36.Rd5 f6 37.g5 Kf7 38.Rd7+ Ke6 39.Rxg7 Kf5 40.
gxf6 Kxf6 41.Ra7 Rh8 42.Ra6+ Kf5 43.Bd6 Ke4 44.Bg3 Nf4 45.Rxa5 Rd8+ 46.Kc2
Nd5 47.Ra6 Ne3+ 48.Kb2 Rd2+ 49.Ka3 Nd5 50.Re6+ Kd3 51.Rd6 Ke4 52.Re6+ Kd3 
53.Rd6 Ke4 54.Re6+ 1/2-1/2

[Event "63rd POL-ch (w)"]
[Site "Warsaw POL"]
[Date "2011.02.13"]
[Round "2"]
[White "Toma, Katarzyna"]
[Black "Zawadzka, Jolanta"]
[Result "1/2-1/2"]
[WhiteElo "2238"]
[BlackElo "2371"]
[EventDate "2011.02.12"]
[PlyCount "92"]

1.e4 c5 2.Nf3 d6 3.d4 cxd4 4.Nxd4 Nf6 5.Nc3 a6 6.Be2 e5 7.Nb3 Be7 8.O-O 
O-O 9.a4 Be6 10.a5 Nbd7 11.Be3 Rc8 12.f3 Qc7 13.Qd2 Rfd8 14.Rfc1 Qc6 15.
Qe1 d5 16.exd5 Nxd5 17.Nxd5 Bxd5 18.Bd3 Nf6 19.Bb6 Re8 20.c4 Be6 21.Rc2 
Bd6 22.Rd1 Bd7 23.Re2 Bc7 24.Bf2 e4 25.Bxe4 Qxc4 26.Rxd7 Nxd7 27.Nd4 Nf6 
28.b3 Qc5 29.Bxb7 Bxh2+ 30.Kh1 Qh5 31.Bxc8 Rxc8 32.Bh4 Bf4 33.g4 Qd5 34.
Bxf6 h5 35.Re8+ Rxe8 36.Qxe8+ Kh7 37.Qd8 Qc5 38.Bh4 Qc1+ 39.Kg2 Qd2+ 40.
Kf1 Qd3+ 41.Ne2 Qxf3+ 42.Ke1 Qh1+ 43.Kf2 Qh2+ 44.Ke1 Qh1+ 45.Kf2 Qh2+ 46.
Ke1 Qh1+ 1/2-1/2

[Event "63rd POL-ch (w)"]
[Site "Warsaw POL"]
[Date "2011.02.14"]
[Round "3"]
[White "Kulon, Klaudia"]
[Black "Szczepkowska-Horowska, Karina"]
[Result "1-0"]
[WhiteElo "2220"]
[BlackElo "2254"]
[EventDate "2011.02.12"]
[PlyCount "85"]

1.e4 e5 2.Nf3 Nc6 3.Bb5 a6 4.Ba4 Nf6 5.Bxc6 dxc6 6.d3 Bd6 7.Nbd2 O-O 8.Nc4
Qe7 9.O-O Nd7 10.b3 Rd8 11.Bb2 b5 12.Nxd6 cxd6 13.d4 Nf8 14.Qe2 Ng6 15.
Rad1 Re8 16.dxe5 dxe5 17.Qe3 f6 18.Rd2 Bg4 19.h3 Be6 20.Rfd1 Nf4 21.Kh2 
Qf7 22.Ng1 Qh5 23.Rd6 Rac8 24.R1d2 a5 25.Ne2 g5 26.Ng3 Qg6 27.Rxe6 Nxe6 
28.Nf5 Rc7 29.Qb6 Kh8 30.Rd6 Qf7 31.Nh6 Qe7 32.Rxe6 Qxe6 33.Qxc7 Rc8 34.
Qxa5 Qd7 35.Qb6 Kg7 36.Nf5+ Kg6 37.Qc5 Ra8 38.Bc3 h5 39.a4 bxa4 40.bxa4 g4
41.h4 g3+ 42.fxg3 Kh7 43.a5 1-0

[Event "63rd POL-ch (w)"]
[Site "Warsaw POL"]
[Date "2011.02.14"]
[Round "3"]
[White "Majdan-Gajewska, Joanna"]
[Black "Jaracz, Barbara"]
[Result "0-1"]
[WhiteElo "2359"]
[BlackElo "2274"]
[EventDate "2011.02.12"]
[PlyCount "90"]

1.e4 e5 2.Nf3 Nc6 3.Bc4 Bc5 4.c3 Nf6 5.d3 a6 6.h3 Ba7 7.Nbd2 d6 8.Bb3 h6 
9.Nf1 Be6 10.Ng3 Qd7 11.Qe2 Ne7 12.Bxe6 fxe6 13.d4 exd4 14.cxd4 O-O-O 15.
O-O g5 16.Bd2 g4 17.hxg4 Nxg4 18.Rac1 Kb8 19.Nh5 Nc6 20.d5 exd5 21.exd5 
Nce5 22.Nf4 Qf5 23.Rc3 Bb6 24.Rb3 Rdg8 25.a4 Qc2 26.Rc3 Qxa4 27.Nxe5 Nxe5 
28.Be3 Rg4 29.Bxb6 cxb6 30.Ne6 Rhg8 31.g3 h5 32.Qe3 Qb5 33.Nc7 Qxb2 34.
Rfc1 h4 35.Nxa6+ bxa6 36.Qh6 R4g6 37.Qh7 R6g7 38.Qf5 Rxg3+ 39.fxg3 Rxg3+ 
40.Kf1 Qg2+ 41.Ke1 Qh1+ 42.Qf1 Qe4+ 43.Qe2 Rg1+ 44.Kd2 Qd4+ 45.Rd3 Qb2+ 
0-1

[Event "63rd POL-ch (w)"]
[Site "Warsaw POL"]
[Date "2011.02.14"]
[Round "3"]
[White "Socko, Monika"]
[Black "Dworakowska, Joanna"]
[Result "1/2-1/2"]
[WhiteElo "2489"]
[BlackElo "2334"]
[EventDate "2011.02.12"]
[PlyCount "77"]

1.d4 Nf6 2.c4 c5 3.d5 e5 4.Nc3 d6 5.e4 Be7 6.h3 Nbd7 7.Nf3 O-O 8.Be3 a6 9.
a4 b6 10.Bd3 Nh5 11.Qd2 g6 12.Bh6 Ng7 13.g4 Nf6 14.Ke2 Bd7 15.Rag1 Qc8 16.
b3 Bd8 17.Ne1 b5 18.f4 exf4 19.Bxf4 Re8 20.Kf3 Qb8 21.Ng2 b4 22.Nd1 Bc8 
23.Nf2 Nd7 24.Ne3 Bf6 25.g5 Bc3 26.Qc1 Rf8 27.Nfg4 f6 28.Kg2 Nh5 29.Rf1 
Nxf4+ 30.Rxf4 fxg5 31.Rxf8+ Nxf8 32.Rf1 Kg7 33.Nf5+ gxf5 34.Qxg5+ Kh8 35.
Nh6 Bg7 36.Nf7+ Kg8 37.Nh6+ Kh8 38.Nf7+ Kg8 39.Nh6+ 1/2-1/2

[Event "63rd POL-ch (w)"]
[Site "Warsaw POL"]
[Date "2011.02.14"]
[Round "3"]
[White "Zawadzka, Jolanta"]
[Black "Lach, Aleksandra"]
[Result "1/2-1/2"]
[WhiteElo "2371"]
[BlackElo "2172"]
[EventDate "2011.02.12"]
[PlyCount "426"]

1.e4 c5 2.Nf3 Nc6 3.d4 cxd4 4.Nxd4 Nf6 5.Nc3 e5 6.Ndb5 d6 7.Bg5 a6 8.Na3 
b5 9.Nd5 Be7 10.Bxf6 Bxf6 11.c3 Bg5 12.Nc2 Ne7 13.h4 Bh6 14.Nce3 O-O 15.g3
Rb8 16.Bg2 Kh8 17.Qd3 Bxe3 18.Nxe3 f5 19.exf5 Nxf5 20.O-O Qb6 21.Nd5 Qc5 
22.Rad1 Be6 23.Rd2 Rf7 24.Re1 Rbf8 25.Ne3 Nxe3 26.Rxe3 Rd7 27.b3 Qc7 28.
Bd5 Bf5 29.Qe2 Rdd8 30.c4 b4 31.Be4 Bxe4 32.Rxe4 Rf6 33.Re3 Rdf8 34.Red3 
h6 35.Qe3 a5 36.Rd5 Rf3 37.Qe2 Qa7 38.Kg2 e4 39.Qxe4 Rxf2+ 40.Rxf2 Rxf2+ 
41.Kh3 Rf8 42.Rxd6 Qf2 43.Qg2 Qe1 44.Rd2 a4 45.Re2 Qd1 46.bxa4 Qxa4 47.c5 
Rc8 48.Rc2 Rc6 49.Qe4 Qb5 50.Qd5 Rc8 51.Qc4 Qc6 52.Kh2 Rb8 53.Qd4 Qa4 54.
Rf2 Qb5 55.Rf7 Qe2+ 56.Qf2 Qc4 57.Rf4 Qd5 58.Qc2 Qc6 59.Rc4 Rb7 60.Qe4 Qa6
61.c6 Rc7 62.Rc2 Qb6 63.Qd5 Kh7 64.h5 Qb8 65.Re2 Rc8 66.Qe4+ Kh8 67.Qg6 
Qa8 68.c7 Rf8 69.Qd6 Qf3 70.Qe5 Rg8 71.Rc2 Qb7 72.Qc5 Rc8 73.Qd6 Kh7 74.
Qc6 Qa7 75.Qe4+ Kh8 76.Qe7 Qb7 77.Qd8+ Kh7 78.Qd6 Kh8 79.Rc5 Kh7 80.Qd3+ 
Kh8 81.Qc2 Qa7 82.Re5 Qb7 83.Re7 Qd5 84.Qe2 Kh7 85.Kg1 Qc5+ 86.Kg2 Qc6+ 
87.Kh2 Qd5 88.g4 Rxc7 89.Rxc7 Qd6+ 90.Kh3 Qxc7 91.Qe4+ Kh8 92.Qxb4 Qf7 93.
Qd2 Qf3+ 94.Kh4 Qf6+ 95.Kg3 Qe5+ 96.Kh3 Qa1 97.Qg2 Qc3+ 98.Qg3 Qa1 99.Qf2 
Qc3+ 100.Kh4 Qa1 101.Qf8+ Kh7 102.Qf5+ Kh8 103.Qc8+ Kh7 104.Qc2+ Kh8 105.
a4 Qf6+ 106.Kg3 Qe5+ 107.Kh3 Qe3+ 108.Kg2 Qe1 109.Qc8+ Kh7 110.Qc4 Qd2+ 
111.Kf3 Qd1+ 112.Ke3 Qe1+ 113.Kd4 Qf2+ 114.Kc3 Qe1+ 115.Kb2 Qe5+ 116.Ka2 
Qh2+ 117.Ka3 Qd6+ 118.Kb3 Qg3+ 119.Kb2 Qe5+ 120.Qc3 Qb8+ 121.Ka1 Qa7 122.
a5 Qa6 123.Qc2+ Kh8 124.Qf5 Qa8 125.Ka2 Qc6 126.Kb3 Qb7+ 127.Kc4 Qc6+ 128.
Kb4 Qb7+ 129.Qb5 Qe7+ 130.Qc5 Qb7+ 131.Qb5 Qe4+ 132.Qc4 Qb7+ 133.Ka3 Qe7+ 
134.Ka2 Qd8 135.a6 Qa5+ 136.Kb3 Qb6+ 137.Ka4 Kh7 138.Qe4+ Kh8 139.Qb7 Qd4+
140.Kb5 Qe5+ 141.Kc6 Qe6+ 142.Kc5 Qe3+ 143.Kd6 Qf4+ 144.Ke7 Qe5+ 145.Kf8 
Qf6+ 146.Ke8 Qe6+ 147.Kd8 Qf6+ 148.Kc8 Qf8+ 149.Kc7 Qf4+ 150.Kb6 Qf2+ 151.
Kb5 Qf1+ 152.Kc5 Qf2+ 153.Kd5 Qf3+ 154.Ke5 Qf6+ 155.Ke4 Qe6+ 156.Kf3 Qf6+ 
157.Kg2 Qd4 158.Qc8+ Kh7 159.Qf5+ Kh8 160.Qf3 Qa4 161.Qe2 Qc6+ 162.Kh2 
Qc7+ 163.Kh3 Qc3+ 164.Kh4 Qf6+ 165.Kg3 Qd6+ 166.Kh3 Qa3+ 167.Kg2 Qa4 168.
Kh3 Qa3+ 169.Kh4 Qa4 170.Qd3 Qa5 171.Kh3 Qa1 172.Qc4 Qa3+ 173.Kg2 Qb2+ 
174.Kf1 Qa1+ 175.Ke2 Qb2+ 176.Kd3 Qb1+ 177.Kd4 Qb6+ 178.Kc3 Qe3+ 179.Kc2 
Qf2+ 180.Kb3 Qf3+ 181.Ka4 Qd1+ 182.Kb5 Qb1+ 183.Kc6 Qb8 184.g5 hxg5 185.h6
Qc8+ 186.Kb5 Qb8+ 187.Ka4 Qe8+ 188.Qb5 Qe4+ 189.Ka5 Qe1+ 190.Kb6 Qe3+ 191.
Qc5 Qb3+ 192.Ka7 Qf7+ 193.Kb8 Qb3+ 194.Ka8 Qg8+ 195.Kb7 Qb3+ 196.Qb6 Qf7+ 
197.Qc7 Qd5+ 198.Ka7 Qd4+ 199.Ka8 g4 200.a7 g3 201.Qc8+ Kh7 202.Qf5+ g6 
203.Qf3 Qf2 204.Qb7+ Kxh6 205.Qh1+ Kg5 206.Qd5+ Qf5 207.Qd2+ Kg4 208.Kb7 
Qe4+ 209.Kb8 Qe8+ 210.Kb7 Qe4+ 211.Kb8 Qe8+ 212.Kb7 Qe4+ 213.Kb8 Qe8+ 
1/2-1/2

[Event "63rd POL-ch (w)"]
[Site "Warsaw POL"]
[Date "2011.02.15"]
[Round "4"]
[White "Dworakowska, Joanna"]
[Black "Majdan-Gajewska, Joanna"]
[Result "1-0"]
[WhiteElo "2334"]
[BlackElo "2359"]
[EventDate "2011.02.12"]
[PlyCount "79"]

1.e4 c5 2.Nf3 e6 3.d4 cxd4 4.Nxd4 a6 5.c4 Nf6 6.Nc3 Bb4 7.Bd3 e5 8.Ne2 d6 
9.O-O O-O 10.Bg5 Bxc3 11.Nxc3 Be6 12.Be2 Nc6 13.Be3 Qa5 14.Rc1 Rac8 15.a3 
Qd8 16.Kh1 Ne7 17.Qa4 Rc6 18.Rfd1 Ng4 19.Bxg4 Bxg4 20.f3 Be6 21.c5 Nc8 22.
Qb4 Qd7 23.cxd6 Nxd6 24.Na4 a5 25.Qxa5 Rxc1 26.Bxc1 Nc4 27.Rxd7 Nxa5 28.
Rd3 Bc4 29.Rc3 Rd8 30.Kg1 f5 31.exf5 Rd1+ 32.Kf2 Rf1+ 33.Kg3 b5 34.Nc5 Nc6
35.Be3 Nd4 36.Bxd4 exd4 37.Rc2 Kf7 38.Rd2 Kf6 39.b3 Bd5 40.Rxd4 1-0

[Event "63rd POL-ch (w)"]
[Site "Warsaw POL"]
[Date "2011.02.15"]
[Round "4"]
[White "Lach, Aleksandra"]
[Black "Jaracz, Barbara"]
[Result "0-1"]
[WhiteElo "2172"]
[BlackElo "2274"]
[EventDate "2011.02.12"]
[PlyCount "130"]

1.e4 e5 2.Nf3 Nc6 3.Bb5 a6 4.Ba4 Nf6 5.Qe2 b5 6.Bb3 Be7 7.O-O d6 8.c3 O-O 
9.d4 Bg4 10.d5 Na5 11.Bc2 c6 12.dxc6 Qc7 13.Rd1 Qxc6 14.a3 Rfe8 15.h3 Be6 
16.Nbd2 h6 17.Nf1 Bc4 18.Qe1 Bb3 19.Ne3 Nxe4 20.Rb1 Ng5 21.Nh2 Rad8 22.
Bxb3 Nxb3 23.Nd5 f5 24.Qe3 Nc5 25.f3 Bf8 26.Qf2 e4 27.Nb4 Qb7 28.f4 Nge6 
29.Be3 a5 30.Nc2 Nd3 31.Qd2 d5 32.Nf1 Qc7 33.g3 Bc5 34.Bd4 Bxd4+ 35.cxd4 
g5 36.Ne1 Nxd4 37.Kh1 Nxe1 38.Qxd4 Nf3 39.Qc3 Qb6 40.Ne3 d4 41.Qb3+ Qe6 
42.Qxe6+ Rxe6 43.Nxf5 e3 44.Kg2 Nd2 45.Rbc1 Nb3 46.Rc6 Rxc6 47.Ne7+ Kg7 
48.Nxc6 e2 49.Re1 d3 50.Nxd8 d2 51.Rxe2 d1=Q 52.Ne6+ Kf6 53.Kf2 Nd4 54.
fxg5+ hxg5 55.Nxd4 Qxd4+ 56.Kf3 Qd3+ 57.Kf2 Kf5 58.Re3 Qd4 59.b3 Qb2+ 60.
Kf3 Qxa3 61.g4+ Kf6 62.Ke4 Qc5 63.Rd3 Qe5+ 64.Kf3 Qf4+ 65.Ke2 a4 0-1

[Event "63rd POL-ch (w)"]
[Site "Warsaw POL"]
[Date "2011.02.15"]
[Round "4"]
[White "Szczepkowska-Horowska, Karina"]
[Black "Socko, Monika"]
[Result "0-1"]
[WhiteElo "2254"]
[BlackElo "2489"]
[EventDate "2011.02.12"]
[PlyCount "150"]

1.e4 c5 2.Nf3 Nc6 3.d4 cxd4 4.Nxd4 g6 5.c4 Bg7 6.Be3 Nf6 7.Nc3 d6 8.Be2 
O-O 9.O-O Bd7 10.Qd2 Nxd4 11.Bxd4 Bc6 12.f3 Nd7 13.Be3 a5 14.b3 Nc5 15.
Rab1 Qb6 16.Rfc1 Rfc8 17.Rc2 Qd8 18.a3 h5 19.Kh1 Kh7 20.b4 axb4 21.axb4 
Ne6 22.Nd5 Ra3 23.f4 Rca8 24.f5 Nf8 25.Bb6 Qd7 26.Be3 Bxd5 27.fxg6+ fxg6 
28.exd5 Qf5 29.Rf1 Qe4 30.Bg5 Nd7 31.Bf3 Ra1 32.Rxa1 Rxa1+ 33.Rc1 Qxc4 34.
Rxa1 Bxa1 35.Be2 Qe4 36.Bd3 Qe5 37.Bf4 Bc3 38.Qf2 Qe1+ 39.Qxe1 Bxe1 40.b5 
Kg7 41.Bg5 Kf7 42.Kg1 Bc3 43.Kf1 Bf6 44.Be3 Ne5 45.Be4 Ng4 46.Bg1 Be5 47.
g3 Nf6 48.Bg2 Bc3 49.Ke2 Bb4 50.Kd3 Bc5 51.Bxc5 dxc5 52.b6 Nd7 53.Kc4 
Nxb6+ 54.Kxc5 Nc8 55.Bh3 Nd6 56.Be6+ Kf6 57.Kd4 b5 58.Kc5 Ke5 59.Bg8 g5 
60.Bh7 Ne4+ 61.Kxb5 Kxd5 62.Bg8+ Kd4 63.Be6 Nc5 64.Bf7 h4 65.gxh4 gxh4 66.
Kc6 e5 67.Kd6 e4 68.Bh5 Nd3 69.Ke7 Ke5 70.Kf7 Nf4 71.Bg4 e3 72.Kg7 e2 73.
Bxe2 Nxe2 74.Kg6 Kf4 75.Kh5 h3 0-1

[Event "63rd POL-ch (w)"]
[Site "Warsaw POL"]
[Date "2011.02.15"]
[Round "4"]
[White "Toma, Katarzyna"]
[Black "Kulon, Klaudia"]
[Result "1-0"]
[WhiteElo "2238"]
[BlackElo "2220"]
[EventDate "2011.02.12"]
[PlyCount "115"]

1.e4 c5 2.Nf3 d6 3.d4 cxd4 4.Nxd4 Nf6 5.Nc3 Nc6 6.g3 g6 7.Bg2 Bd7 8.Nde2 
Bg7 9.O-O O-O 10.h3 Rc8 11.Be3 Na5 12.Bd4 Nc6 13.Be3 Na5 14.b3 Qc7 15.Rc1 
e6 16.Qd3 b6 17.Rfd1 Nb7 18.f4 Rfd8 19.Nb5 Bxb5 20.Qxb5 Nc5 21.Qb4 Rb8 22.
Nd4 d5 23.e5 Nfe4 24.Qe1 b5 25.a4 bxa4 26.b4 Na6 27.c4 dxc4 28.Bxe4 Nxb4 
29.Qe2 Rdc8 30.Ra1 Qa5 31.Nc2 Nd5 32.Bxd5 exd5 33.Bd4 Rb3 34.Ne3 Bf8 35.
Qg4 Re8 36.Qd7 Rd8 37.Qxa4 Qc7 38.Qxa7 Qc8 39.g4 Bh6 40.Rf1 Rd3 41.Rad1 
Rb3 42.Qe7 Rd7 43.Qh4 Bf8 44.g5 Bg7 45.Ng4 Rdb7 46.f5 gxf5 47.Nf6+ Bxf6 
48.gxf6 f4 49.Rxf4 Qxh3 50.Qg5+ Kf8 51.Bc5+ Ke8 52.Qg8+ Kd7 53.Qxf7+ Kc8 
54.Qg8+ Kc7 55.Bf2 Rd3 56.Ra1 Rdb3 57.Qf7+ Kc6 58.Qe8+ 1-0

[Event "63rd POL-ch (w)"]
[Site "Warsaw POL"]
[Date "2011.02.15"]
[Round "4"]
[White "Zawadzka, Jolanta"]
[Black "Worek, Joanna"]
[Result "1-0"]
[WhiteElo "2371"]
[BlackElo "2274"]
[EventDate "2011.02.12"]
[PlyCount "107"]

1.e4 e5 2.Nf3 Nc6 3.Bb5 Nf6 4.O-O Nxe4 5.d4 Nd6 6.Bxc6 dxc6 7.dxe5 Nf5 8.
Qxd8+ Kxd8 9.Nc3 Ke8 10.Bf4 b6 11.Rfe1 Be7 12.Ne4 Be6 13.h3 h5 14.Nfg5 Bd5
15.b3 Nd4 16.Rac1 Kf8 17.c3 Ne6 18.Be3 Nxg5 19.Nxg5 f6 20.c4 Bg8 21.exf6 
gxf6 22.Bd4 Rd8 23.Bc3 Rh6 24.Nf3 c5 25.Re2 Bh7 26.Rce1 Rd7 27.Nh4 f5 28.
Bg7+ Kxg7 29.Rxe7+ Rxe7 30.Rxe7+ Kg8 31.Rxc7 a6 32.f4 Rd6 33.Nf3 Bg6 34.
Kf2 Be8 35.Rc8 Kf8 36.g3 Ke7 37.Ke3 Rd1 38.Rc7+ Kd8 39.Ra7 a5 40.Ne5 Re1+ 
41.Kd3 h4 42.gxh4 Rh1 43.Rh7 Rxh3+ 44.Ke2 b5 45.Kf1 a4 46.Kg2 Rxb3 47.cxb5
Rxb5 48.h5 Rb2+ 49.Kg3 Rxa2 50.h6 Ra1 51.Ra7 Rh1 52.h7 a3 53.Rxa3 Ke7 54.
Kg2 1-0

[Event "63rd POL-ch (w)"]
[Site "Warsaw POL"]
[Date "2011.02.16"]
[Round "5"]
[White "Jaracz, Barbara"]
[Black "Dworakowska, Joanna"]
[Result "1/2-1/2"]
[WhiteElo "2274"]
[BlackElo "2334"]
[EventDate "2011.02.12"]
[PlyCount "123"]

1.e4 c5 2.Nf3 d6 3.d4 cxd4 4.Nxd4 Nf6 5.Nc3 a6 6.Be3 e5 7.Nb3 Be7 8.f3 Be6
9.Qd2 O-O 10.O-O-O a5 11.a4 Nc6 12.g4 Nb4 13.Kb1 Rc8 14.g5 Ne8 15.Nc1 d5 
16.exd5 Bf5 17.Bd3 Bxd3 18.Nxd3 Nxd5 19.Ne4 Nxe3 20.Qxe3 Qc7 21.Rd2 Nd6 
22.Nxd6 Bxd6 23.h4 f5 24.gxf6 gxf6 25.Rg1+ Kh8 26.Rdg2 Rg8 27.Qe4 Rxg2 28.
Rxg2 Qf7 29.Qf5 Rc4 30.Rg4 Rc7 31.Nf2 Bf8 32.Ne4 Bg7 33.h5 Qd7 34.Qxd7 
Rxd7 35.h6 Bxh6 36.Nxf6 Rg7 37.Rc4 Rf7 38.Ng4 Bf4 39.Rc5 h5 40.Nxe5 Bxe5 
41.Rxe5 h4 42.Rh5+ Rh7 43.Rg5 h3 44.Rg1 Rg7 45.Rh1 Rg3 46.Kc1 Kg7 47.Kd2 
Kg6 48.Ke3 Kg5 49.Ke4 Kh4 50.f4 Rg2 51.f5 h2 52.f6 Kg3 53.Ke5 Rxc2 54.f7 
Rf2 55.Ke6 Kg2 56.Rc1 h1=Q 57.Rxh1 Kxh1 58.Ke7 Re2+ 59.Kd7 Rd2+ 60.Ke7 
Re2+ 61.Kd7 Rf2 62.Ke7 1/2-1/2

[Event "63rd POL-ch (w)"]
[Site "Warsaw POL"]
[Date "2011.02.16"]
[Round "5"]
[White "Majdan-Gajewska, Joanna"]
[Black "Szczepkowska-Horowska, Karina"]
[Result "0-1"]
[WhiteElo "2359"]
[BlackElo "2254"]
[EventDate "2011.02.12"]
[PlyCount "92"]

1.e4 e5 2.Nf3 Nc6 3.Bc4 Nf6 4.d3 Be7 5.O-O O-O 6.Re1 d6 7.a4 Kh8 8.a5 a6 
9.c3 Ng8 10.b4 f5 11.Nbd2 Qe8 12.Qb3 Qg6 13.b5 axb5 14.Qxb5 Nd8 15.Kh1 Nh6
16.Nf1 c6 17.Qb2 f4 18.d4 Qf6 19.Qb6 Ndf7 20.a6 bxa6 21.Qxc6 Bg4 22.dxe5 
dxe5 23.Qxf6 gxf6 24.N3d2 Rfc8 25.Bd5 Ra7 26.Nc4 Bc5 27.f3 Bd7 28.g3 Ng5 
29.gxf4 Nxf3 30.Re3 Bg4 31.fxe5 fxe5 32.Rd3 Ne1 33.Rg3 Rf8 34.Nfe3 Bf3+ 
35.Kg1 Be2 36.h3 Rg7 37.Rxg7 Kxg7 38.Ba3 Rf1+ 39.Kh2 Bxe3 40.Nxe3 Nf3+ 41.
Kg3 Rxa1 42.Bd6 Ng5 43.Bxe5+ Kg6 44.c4 Ra3 45.Bd4 Bd3 46.Bc5 Rb3 0-1

[Event "63rd POL-ch (w)"]
[Site "Warsaw POL"]
[Date "2011.02.16"]
[Round "5"]
[White "Socko, Monika"]
[Black "Toma, Katarzyna"]
[Result "0-1"]
[WhiteElo "2489"]
[BlackElo "2238"]
[EventDate "2011.02.12"]
[PlyCount "96"]

1.d4 Nf6 2.c4 g6 3.Nc3 d5 4.Bf4 Bg7 5.e3 O-O 6.Rc1 c6 7.h3 Be6 8.c5 b6 9.
cxb6 axb6 10.Nf3 Ne4 11.a3 Nxc3 12.Rxc3 c5 13.Bd3 c4 14.Bb1 b5 15.O-O Qb6 
16.Qe2 Nc6 17.Rd1 Rfd8 18.Ng5 Na5 19.Qf3 Bf5 20.Qg3 Rd7 21.Bxf5 gxf5 22.h4
Nb3 23.h5 h6 24.Nf3 Kh7 25.Qh3 e6 26.Ne5 Rda7 27.Kh2 Rg8 28.Rc2 b4 29.axb4
Bxe5 30.Bxe5 Qxb4 31.f3 Na1 32.Re2 Ra2 33.Qh4 Qf8 34.Rf2 Qd8 35.Bf6 Qb8+ 
36.Be5 Qd8 37.Qxd8 Rxd8 38.Rdf1 Rg8 39.g4 Nb3 40.Rg2 fxg4 41.fxg4 f5 42.
Rff2 Nc1 43.gxf5 exf5 44.Rxg8 Kxg8 45.Kg3 Nd3 46.Rxf5 Rxb2 47.e4 c3 48.Bf4
Nxf4 0-1

[Event "63rd POL-ch (w)"]
[Site "Warsaw POL"]
[Date "2011.02.17"]
[Round "6"]
[White "Szczepkowska-Horowska, Karina"]
[Black "Jaracz, Barbara"]
[Result "1-0"]
[WhiteElo "2254"]
[BlackElo "2274"]
[EventDate "2011.02.12"]
[PlyCount "103"]

1.e4 e5 2.Nf3 Nc6 3.Bb5 a6 4.Ba4 Nf6 5.Bxc6 dxc6 6.d3 Nd7 7.Nbd2 f6 8.O-O 
Bd6 9.Nc4 Nc5 10.d4 exd4 11.e5 fxe5 12.Bg5 Be7 13.Bxe7 Qxe7 14.Ncxe5 Ne6 
15.Nxd4 O-O 16.Nxe6 Bxe6 17.Qd4 Rad8 18.Qc3 Qg5 19.Rad1 Rxd1 20.Rxd1 Bd5 
21.Qg3 Qf5 22.Nd3 c5 23.Qe5 Qf7 24.Qe3 Qg6 25.Qg3 c4 26.Qxg6 hxg6 27.Ne5 
Be4 28.c3 b5 29.f3 Bf5 30.g4 Re8 31.f4 Bc8 32.h4 Kh7 33.Kf2 Be6 34.Kg3 Rb8
35.a3 Re8 36.Rd2 Rb8 37.Nf3 Kg8 38.Ng5 Re8 39.Re2 Bd7 40.Rxe8+ Bxe8 41.Ne6
Bd7 42.Nxc7 Bc8 43.Ne8 Kf8 44.Nd6 Bd7 45.Kf3 Ke7 46.Ne4 Bc8 47.Nf2 Ke6 48.
Ke4 Kd6 49.f5 gxf5+ 50.gxf5 Bb7+ 51.Kd4 Bf3 52.Ne4+ 1-0